000 00503nam a22001811c 4500
001 a987682816
008 170704s1988 gw |||| 000u rus d
041 _arus
245 0 0 _aInogo ne dano :
_bsud'by perestrojki, vgljadyvajas v prošloe, vozvrašcenie k budušcemu
264 _aMoskva :
_bProgress,
_c1988
300 _a680 S.
650 0 _aPerestroika
655 0 _aAufsatzsammlung
700 1 _aAfanas'ev, Jurij N.
_eHerausgeberIn
942 _cMG
040 _cRU-10907106
003 RU-10907106
999 _c32976
_d32976